000 00642nam a22001697a 4500
005 20250218150652.0
008 250218b |||||||| |||| 00| 0 eng d
082 _22024
_aUT
100 _aHibaya, Janna Mae S.
_965489
245 _aProfitability analysis of broiler farms in Davao Del Sur /
_cJanna Mae S. Hibaya, Christine Joy E. Magdadaro, and Lyzle A. Malon
260 _aDigos City :
_bUMDC,
_c©January 2024.
300 _aviii, 65 pages :
_billustration (some colors) ;
_c29 cm.
500 _aIncludes references and appendices.
700 _aMagdadaro, Christine Joy E.
_965490
700 _a Malon, Lyzle A.
_965491
942 _2ddc
_cUT
999 _c23499
_d23499